| 000 | 00447nam a2200193Ia 4500 | ||
|---|---|---|---|
| 008 | 170918s9999 xx 000 0 und d | ||
| 020 | _a9780545366649 | ||
| 050 | _bM762br 2010 | ||
| 100 | _aMontalbano, Andrea | ||
| 245 | _aBreakaway / | ||
| 245 | _cby Andrea Montalbano. | ||
| 260 | _aNew York : | ||
| 260 | _bScholastic, | ||
| 260 | _c2010 | ||
| 300 | _a202 pages : | ||
| 300 | _billustrations ; | ||
| 300 | _c19cm. | ||
| 500 | _a710 | ||
| 999 |
_c343780 _d343780 |
||